[Event "Magdeburg op-B"]
[Site "Magdeburg"]
[Date "2014.06.14"]
[Round "9"]
[White "Bajorski, Marius"]
[Black "Matuschak, Henry"]
[Result "0-1"]
[WhiteElo "1520"]
[BlackElo "1153"]
[PlyCount "114"]
[EventDate "2014.06.08"]
[EventType "swiss"]
[EventRounds "9"]
[EventCountry "GER"]
[SourceTitle "CBM 160 Extra"]
[Source "ChessBase"]
[SourceDate "2014.07.01"]
[SourceVersion "1"]
[SourceVersionDate "2014.07.01"]
[SourceQuality "1"]

1. e4 e5 2. Nf3 Nc6 3. Bb5 a6 4. Ba4 Nf6 5. d3 Bc5 6. c3 0-0 7. 0-0 d6 8. Nbd2 Bg4 9. Re1 b5 10. Bb3 Bh5 11. h3 Re8 12. Nf1 h6 13. Ng3 Bg6 14. d4 exd4 15. cxd4 Bb6 16. e5 dxe5 17. dxe5 Qxd1 18. Bxd1 Rad8 19. Bxh6 gxh6 20. exf6 Rxe1+ 21. Nxe1 Rd2 22. Nh1 Rxb2 23. a4 Rb4 24. axb5 axb5 25. Nc2 Rf4 26. Ne3 Rxf6 27. Ng4 Rd6 28. Nxh6+ Kg7 29. Ng4 Bh5 30. Ng3 Bxg4 31. Bxg4 Rg6 32. Bf5 Rxg3 33. Ra6 Rc3 34. Ra1 Ne5 35. Rd1 c6 36. Kf1 Nc4 37. h4 Ne5 38. h5 Kh6 39. g4 f6 40. Rd6 Kg5 41. f4+ Kxf4 42. Rxf6 Nxg4 43. Bxg4+ Kxg4 44. h6 Rf3+ 45. Rxf3 Kxf3 46. h7 Bd4 47. Ke1 Ke3 48. Kd1 Kd3 49. Kc1 Kc3 50. Kb1 b4 51. Ka2 b3+ 52. Kb1 b2 53. h8Q Bxh8 54. Ka2 Kc2 55. Ka3 b1Q 56. Ka4 Kc3 57. Ka5 Qb5# 0-1

[Event "GER-ch U25 op-B"]
[Site "Oberhof"]
[Date "2013.05.21"]
[Round "4"]
[White "Matuschak, Henry"]
[Black "Riedel, Adelheid"]
[Result "1-0"]
[WhiteElo "1082"]
[BlackElo "846"]
[PlyCount "41"]
[EventDate "2013.05.19"]
[EventType "swiss"]
[EventRounds "9"]
[EventCountry "GER"]
[SourceTitle "CBM 154 Extra"]
[Source "ChessBase"]
[SourceDate "2013.06.25"]
[SourceVersion "2"]
[SourceVersionDate "2013.06.25"]
[SourceQuality "1"]

1. e4 e5 2. Nf3 Nc6 3. Nc3 Bc5 4. Bb5 Nf6 5. 0-0 d6 6. d3 Bg4 7. Bxc6+ bxc6 8. Bg5 0-0 9. h3 Bh5 10. Na4 h6 11. Bh4 g5 12. Nxc5 dxc5 13. Bg3 Nh7 14. Bxe5 Re8 15. g4 f6 16. Bc3 Qd7 17. Nh2 Nf8 18. Qf3 Qe6 19. gxh5 Qd6 20. Qxf6 Re6 21. Qg7# 1-0

[Event "GER-ch U25 op-B"]
[Site "Oberhof"]
[Date "2013.05.21"]
[Round "5"]
[White "Schenk, Philipp"]
[Black "Matuschak, Henry"]
[Result "1-0"]
[WhiteElo "1213"]
[BlackElo "1082"]
[PlyCount "117"]
[EventDate "2013.05.19"]
[EventType "swiss"]
[EventRounds "9"]
[EventCountry "GER"]
[SourceTitle "CBM 154 Extra"]
[Source "ChessBase"]
[SourceDate "2013.06.25"]
[SourceVersion "2"]
[SourceVersionDate "2013.06.25"]
[SourceQuality "1"]

1. e4 e5 2. Nf3 Nc6 3. d4 exd4 4. Nxd4 Nf6 5. Nxc6 bxc6 6. e5 Nd5 7. c4 Nb6 8. Be2 Bc5 9. 0-0 0-0 10. Nc3 Re8 11. Bf4 d6 12. exd6 cxd6 13. b3 Qf6 14. Qc1 Ba3 15. Bg5 Qg6 16. Qxa3 Qxg5 17. Bf3 Bh3 18. Qxd6 Red8 19. Qg3 Qxg3 20. hxg3 Bd7 21. c5 Nc8 22. Rad1 Ne7 23. Rfe1 Kf8 24. Rd6 Rac8 25. Red1 Ke8 26. b4 Be6 27. a3 Rxd6 28. cxd6 Nf5 29. Na4 Bd7 30. Nc5 Rd8 31. Nxd7 Kxd7 32. g4 Nxd6 33. g5 Kc7 34. Rc1 Rc8 35. Rxc6+ Kd7 36. Rxc8 Kxc8 37. Bd5 Kd7 38. f4 Ke7 39. g4 h6 40. gxh6 gxh6 41. Kg2 Kf6 42. Kf3 Kg6 43. a4 f5 44. gxf5+ Kxf5 45. b5 Nc8 46. a5 h5 47. Bf7 h4 48. Be8 Nd6 49. b6 axb6 50. axb6 h3 51. Bd7+ Kf6 52. Bxh3 Ke7 53. Bc8 Kd8 54. b7 Kc7 55. Kg4 Nxc8 56. bxc8Q+ Kxc8 57. Kg5 Kd8 58. Kf6 Ke8 59. Kg7 1-0